[Event "Nikolaev zt"]
[Site "Nikolaev"]
[Date "1995.??.??"]
[Round "5"]
[White "Komliakov, Viktor"]
[Black "Rakhmangulov, Andrei"]
[Result "1/2-1/2"]
[WhiteElo "2535"]
[BlackElo "2360"]
[Annotator "Belov,I"]
[PlyCount "94"]
[EventDate "1995.03.??"]
[EventType "swiss"]
[EventRounds "11"]
[EventCountry "UKR"]
[SourceTitle "CBM 047"]
[Source "ChessBase"]
[SourceDate "1995.08.01"]
[SourceVersion "1"]
[SourceVersionDate "1995.08.01"]
[SourceQuality "1"]

1. e4 d6 2. d4 Nf6 3. Nc3 c6 4. f4 Qa5 5. Bd3 e5 6. Nf3 (6. dxe5 $5 dxe5 7. Nf3
) 6... Bg4 (6... Nbd7 7. O-O Be7 8. Kh1 O-O 9. Be3 (9. Qe1 Re8 10. Bd2 Qc7 11.
dxe5 dxe5 12. Bc4 b5 13. Bb3 b4 14. fxe5 Nxe5 15. Nxe5 Qxe5 16. Bf4 Qh5 17. Ne2
Ba6 $15 {Hausner,I-Blatny,P/Lazne Bohdanec(01)/1994/0:1/32/}) 9... Ng4 10. Bd2
exd4 11. Nxd4 Nc5 12. Be2 Nf6 13. Bf3 $16 {Keitlinghaus,L-Vokac,M/Ostrava/1993/
1:0/72/}) 7. Be3 (7. Bd2 exd4 8. Nd5 Qd8 9. Nxf6+ Qxf6 10. O-O Nd7 11. Qe1 Bxf3
12. Rxf3 O-O-O 13. b4 d5 $15 {Kotronias,V-Adams,M/Chalkidiki Afitos(04)/1993/0:
1/32/}) (7. dxe5 dxe5 8. O-O (8. fxe5 Nfd7 9. e6 fxe6 10. h3 Qh5 11. Rf1 Bxf3
12. Qxf3 Qxf3 13. gxf3 e5 $10 {Tsuranov,E-Budnikov,A/Vladivostok op(06)/1995/0:
1/43/}) 8... Nbd7 9. Qe1 Bxf3 10. Rxf3 Bd6 11. f5 h6 12. Bd2 Qc7 $10 {Van de
Oudeweetering,A-Malaniuk,V/Groningen op(06)/1990/0:1/45/}) 7... Nbd7 (7... exd4
8. Bxd4 Qb4 9. Be2 Nxe4 10. O-O d5 11. Nxe4 (11. a3 Qe7 12. Nxe4 dxe4 13. Ng5
Bxe2 14. Qxe2 f5 15. Qh5+ g6 16. Qh3 Bg7 17. Bxg7 Qxg7 18. Ne6 Qe7 19. Qc3 $1
Rg8 20. Qb3 $16 {Brodsky,M-Rakhmangulov,A/Nikolaev zt(07)/1995/1:0/63/}) 11...
dxe4 12. c3 Qe7 13. Ne5 Bxe2 14. Qxe2 f5 15. Qh5+ $16 {Kindermann,S-Dorfman,J/
Debrecen(03)/1990/0,5/78/}) (7... exf4 8. Bxf4 Qb6 9. Ne2 $1 Bxf3 10. gxf3 Qxb2
11. Rb1 Qxa2 12. Rxb7 Qa5+ 13. Bd2 Qd8 14. Qa1 $1 a5 15. d5 $16 {Shirov,
A-Rivas Pastor,M/Manila(ol)/1992/1:0/24/}) 8. O-O (8. h3 Bxf3 9. Qxf3 Qb4 10.
dxe5 dxe5 11. O-O-O $14 {Popescu,D-Badea,D/Bucuresti/1992/}) (8. Qd2 Bxf3 9.
gxf3 Nh5 10. Ne2 $6 (10. O-O-O $14) 10... Qxd2+ 11. Kxd2 g6 $10 {Chevalier,
D-Krasenkov,M/Cappelle la Grande/1992/0:1/34/}) 8... Be7 9. h3 (9. Qe1 Bxf3 10.
Rxf3 Ng4 $6 (10... O-O $14) 11. Bd2 Qb6 12. Ne2 exd4 13. Ba5 Qxb2 14. Rb1 Qxa2
15. Nxd4 Bh4 16. Qxh4 $1 Qxb1+ 17. Rf1 Qb2 18. Nf5 $36 {Smirin,I-Beim,V/Tel
Aviv/1992/1:0/29/}) 9... Bxf3 (9... exf4 10. Bxf4 Bxf3 11. Rxf3 Qb6 12. Ne2 $14
{Glek,I-Cseshkovsky,V/Philadelphia/1990/}) 10. Qxf3 O-O 11. a3 $5 (11. Ne2 $5
c5 12. dxe5 dxe5 13. Nc3 Bd6 14. f5 Nb6 15. Qe2 Rfd8 16. a3 Rac8 17. Bc4 Nxc4
18. Qxc4 Bf8 $16 {Yakovich,Y-Mokry,K/Pardubice op/1994/0,5/54/}) 11... a6 (
11... Qc7 12. Ne2 Rfe8 13. g4 g6 $14) 12. Ne2 Rfe8 (12... c5 13. fxe5 dxe5 14.
d5 b5 15. c4 bxc4 16. Bxc4 Nb6 17. b3 Nxc4 18. bxc4 Qa4 19. Rfc1 Rab8 $14) (
12... Qc7 13. g4 exd4 14. Nxd4 g6 $14) 13. g4 $1 $16 exd4 14. Nxd4 g6 15. Ne2
c5 (15... Qc7 16. Ng3 Nc5 17. g5 Nfd7 18. h4 $16) 16. Ng3 d5 (16... Nf8 17. g5
N6d7 18. e5 dxe5 19. f5 $16) 17. e5 c4 18. Be2 (18. exf6 $6 Bc5 19. Bf2 cxd3
20. Qxd3 (20. g5 dxc2 $13) 20... Nxf6 $13) 18... Bc5 19. Bxc5 Qxc5+ 20. Qf2 Ne4
$8 21. Nxe4 dxe4 22. Qxc5 Nxc5 23. Bxc4 $16 Rad8 24. Rad1 (24. Rae1 Rd4 25. Ba2
Red8 26. Rf2 $16) 24... e3 $5 25. Rxd8 (25. Rfe1 Rxd1 26. Rxd1 g5 $132) 25...
Rxd8 26. Re1 Rd4 27. Bf1 Rxf4 28. Rxe3 Rd4 29. b4 (29. Bg2 b5 (29... Rd2 30. b4
Ne6 31. Bxb7 $18) 30. Re2 g5 $14) 29... Ne6 30. Rd3 Re4 31. Rd7 (31. Bg2 $5
Rxe5 32. Bxb7 a5 33. Bc6 $16) 31... Nd4 32. Bd3 (32. Rxb7 Rxe5 (32... Nxc2 33.
Bd3 Re1+ 34. Kf2 Rc1 35. Rc7 $18) 33. Bxa6 Nxc2 34. Bc4 (34. a4 Re4 35. Bd3
Rxb4 36. Rxb4 Nxb4 37. Bb5 $18) 34... Nxa3 35. Bxf7+ Kf8 36. Kf2 $18) 32... Rf4
33. Kg2 $6 (33. Rxb7 Nf3+ 34. Kg2 Nxe5 35. Bxa6 $18) 33... Nf3 34. Kg3 g5 35.
Rxb7 Ne1 36. Rb6 (36. Bxa6 Nxc2 37. a4 Nxb4 38. Bb5) 36... a5 37. Rf6 $2 (37.
bxa5 Ra4 (37... Nxd3 38. cxd3 Ra4 39. Rb3 Rxa5 40. d4 $18) 38. Bf5 Rxa5 (38...
Rxa3+ 39. Kf2 Nf3 40. Rb3 $18) 39. Kf2 Rxe5 40. a4 $18) 37... axb4 $1 38. axb4
(38. Rxf4 gxf4+ 39. Kxf4 Nxd3+ 40. cxd3 bxa3 $19) 38... Rxb4 $14 39. Rf5 h6 40.
Kf2 (40. Rf6 Kg7 41. Rd6 $14) 40... Nxc2 $1 41. Rf6 (41. Bxc2 Rb2 42. Ke3 Rxc2
$10) 41... Rb2 42. Rxh6 (42. Kg3 Rb3 43. Rf3 Nd4 $10) (42. Kf3 Ne1+) 42... Nb4+
43. Ke3 Nxd3 44. Kxd3 Kg7 45. Rc6 (45. Rh5 Kg6 $10) 45... Rh2 $10 46. Ke4 Rxh3
47. Kf5 Re3 1/2-1/2

[Event "Alushta3"]
[Site "Alushta"]
[Date "1994.??.??"]
[Round "8"]
[White "Zagrebelny, Sergey"]
[Black "Korotylev, Alexey"]
[Result "0-1"]
[WhiteElo "2510"]
[BlackElo "2415"]
[Annotator "Belov,I"]
[PlyCount "84"]
[EventDate "1994.??.??"]
[EventType "tourn"]
[EventRounds "11"]
[EventCountry "UKR"]
[EventCategory "8"]
[SourceTitle "CBM 041"]
[Source "ChessBase"]
[SourceDate "1994.08.01"]
[SourceVersion "1"]
[SourceVersionDate "1994.08.01"]
[SourceQuality "1"]

1. e4 g6 2. d4 Bg7 3. Nf3 d6 4. c3 Nf6 5. Bd3 O-O 6. O-O Nc6 7. Nbd2 e5 (7...
Re8 8. Qc2 e5 9. dxe5 Nxe5 10. Nxe5 Rxe5 11. Nf3 Re8 12. Bg5 h6 13. Bh4 Bd7 14.
Rfe1 g5 15. Bg3 Nh5 $10 {Bus,M-Belov,I/Czestochowa/1990/0,5 (57)/}) (7... Nd7
8. a4 e5 9. Nb3 a5 10. Bg5 Qe8 11. Re1 h6 12. Be3 Kh7 13. Bb5 $14 {Smagin,
S-Gagarin,V/Moscow/1982/0:1 (61)/}) 8. dxe5 Nxe5 (8... dxe5 9. Nc4 Nh5 10. g3
Bg4 11. Qe2 Qf6 12. Kg2 Rad8 13. Rd1 Qe7 14. b3 {Karolyi,T-Azmaiparashvili,Z/
Tbilisi/1986/}) 9. Nxe5 dxe5 10. Nc4 (10. Qc2 Nh5 11. Rd1 Bg4 12. f3 Be6 13.
Bc4 Qe7 14. Bxe6 Qxe6 15. Nf1 b6 16. Bg5 a5 17. Ne3 f6 $10 {Ziatdinov,
R-Cseshkovsky,V/SSSR/1983/0:1 (46)/}) 10... Nh5 (10... Nd7 11. b4 Re8 (11... f5
12. exf5 gxf5 13. f3 Kh8 14. Re1 Qf6 15. Be3 Rg8 16. Qc2 Nf8 17. Bf2 Ng6 18.
Kh1 Bd7 19. Ne3 $16 {Ivanov,Al-Shchekachev,A/Wien/1991/1:0 (41)/}) 12. Bc2 Qe7
13. Be3 Nb6 14. Na5 $16 {Benko,P-Jansa,V/Siegen(ol)/1970/1:0 (40) Inf 10/158/})
11. g3 (11. Re1 Qe7 12. a4 Be6 13. Bf1 Rfd8 $10 {Hug,W-Watson,W/Brocco/0,5 (13)
/}) 11... Be6 (11... Qe7 12. a4 Be6 13. b3 Rfd8 14. Qc2 c6 15. a5 Bf8 16. Re1
Qc7 $10 {Maric,A-Ioseliani,N/JUG/1992/0:1 (42)/}) 12. Qe2 Qe8 (12... Qe7 13. b3
Rfd8 14. a4 c6 $10) 13. Re1 f6 (13... a5 $5 14. a4 f6) 14. b4 Qf7 15. a4 $14 b6
(15... Kh8 16. a5 Rae8 17. Be3 $16) 16. Ne3 Kh8 17. Bc4 Rae8 18. b5 (18. Bxe6
Rxe6 19. Nd5 f5 $13) 18... f5 $5 19. Ba3 Rg8 20. Bxe6 Rxe6 21. Nd5 Nf6 $5 (
21... f4 22. c4 f3 23. Qe3 Nf6 24. c5 $16) 22. Nxf6 Rxf6 $5 (22... Bxf6 23.
exf5 gxf5 24. c4 e4 25. Bb2 $16) 23. exf5 gxf5 (23... Rxf5 24. Qc2 Bf8 25. Bc1
Bc5 26. Be3 $16) 24. Qxe5 (24. c4 $5) 24... f4 (24... Rc6 25. Qe2 (25. bxc6 $5)
25... Rxc3 26. Bb2 Rc5 27. Rad1 $14) 25. Qe4 Qh5 26. Bc1 f3 $44 27. h4 Rff8 28.
Be3 Re8 $1 (28... Bxc3 29. Bd4+ Bxd4 30. Qxd4+ Rg7 31. Re7 Rfg8 32. Rxc7 $16)
29. Qc6 Qg4 30. Bd4 Bxd4 31. cxd4 (31. Rxe8 $4 Qxg3+) 31... Ref8 32. Ra3 $1
Qxd4 33. Qxc7 (33. Rae3 Rxg3+ $1 34. fxg3 f2+ 35. Kh1 $8 fxe1=Q+ 36. Rxe1 $10)
(33. Rxf3 Rxg3+ $1 34. Rxg3 Qxf2+ $17) 33... Rf5 34. Re7 (34. Rae3 $5) 34...
Qxh4 35. Qc3+ $6 (35. Rae3 Rxg3+ 36. Qxg3 Rg5 37. Re8+ Kg7 38. Rxf3 $14) 35...
Rf6 36. Re8 (36. Re6 Rxg3+ $1) 36... Qg5 (36... Rxe8 37. gxh4 $18) 37. Re6 (37.
Qe5 $10) 37... Rgf8 38. Qd4 $4 (38. Rxf6 Rxf6 39. Qb2 Kg8 40. Re3 $10) 38...
Qc1+ 39. Kh2 Qh6+ 40. Kg1 Qc1+ $138 41. Kh2 Qh6+ 42. Kg1 Qh3 (42... Qh3 43.
Rxf3 Qxe6 $19) 0-1

[Event "Ufa"]
[Site "Ufa"]
[Date "1993.??.??"]
[Round "?"]
[White "Fedorov, Alexei"]
[Black "Ibragimov, Ildar"]
[Result "1-0"]
[WhiteElo "2490"]
[BlackElo "2540"]
[Annotator "Belov,I"]
[PlyCount "71"]
[EventDate "1993.??.??"]
[EventType "tourn"]
[EventRounds "11"]
[EventCountry "RUS"]
[EventCategory "7"]
[SourceTitle "CBM 038"]
[Source "ChessBase"]
[SourceDate "1994.02.01"]
[SourceVersion "1"]
[SourceVersionDate "1994.02.01"]
[SourceQuality "1"]

1. e4 d6 2. d4 g6 3. Nf3 Bg7 4. c3 Nf6 5. Bd3 O-O 6. O-O c5 7. h3 (7. dxc5 dxc5
8. h3 (8. Bg5 $5) 8... Nc6 9. Qe2 Qc7 10. Re1 (10. e5 $5 Nd5 11. Re1 Be6 12. a4
Na5 13. Bc2 Nb6 14. Nbd2 $14) 10... Nd7 (10... e5 $5 11. Be3 b6 12. Na3 a6 $13)
11. Bc2 b6 12. a4 Bb7 13. Nbd2 Rad8 14. Nf1 {Korchnoi,V-Nunn,J Bruxelles 1986
Inf 42/135/} h6 $10) 7... Nc6 8. d5 (8. Be3 cxd4 9. cxd4 d5 10. e5 Ne4 $10)
8... Na5 9. c4 $5 $146 (9. Na3 b6 10. Bd2 e6 11. c4 Re8 $6 (11... e5 $5 {
/\Nh5 /}) 12. Re1 Nd7 13. Rb1 Ne5 14. Nxe5 Bxe5 15. f4 $16 {Yusupov,A-Speelman,
J Munchen 1992 Inf 54/110/}) 9... a6 10. Nbd2 $5 (10. Nc3 b5 11. cxb5 axb5 12.
Nxb5 Ba6 (12... c4 $6 13. Bc2 Qb6 14. Nc3 Bd7 15. Rb1 $16) 13. Nc3 Qb6 14. Rb1
Nd7 $1 $44) (10. a4 Bd7 11. Nc3 Qb6 $13) 10... b5 $5 (10... Bd7 11. e5 dxe5 12.
Nxe5 b5 13. Re1 $16) 11. cxb5 axb5 12. Bxb5 Qb6 13. Be2 $5 (13. Qe2 Ba6 14.
Bxa6 Rxa6 15. Rb1 Nd7 16. b3 Rb8 $14) 13... Ba6 14. Rb1 Nh5 $6 15. g3 c4 16.
Kg2 Rfc8 17. Ne1 (17. b4 $5) 17... Nf6 18. b4 $1 cxb3 19. axb3 Nd7 20. b4 Bxe2
$8 21. Qxe2 Nc4 $1 (21... Nb7 22. Nef3 Nd8 23. Bb2 Ra2 24. Bxg7 Kxg7 25. Qd3
$16) 22. Nxc4 Qb5 23. Nf3 Nb6 $2 (23... Rxc4 24. Bd2 $14) (23... Qxc4 $1 24.
Qxc4 Rxc4 25. Re1 Bc3 $14) 24. Bg5 $1 $16 Nxc4 (24... Qxc4 25. Qxc4 Rxc4 26.
Nd2 $16) 25. Bxe7 Ra3 26. Rfe1 Rc3 27. Rec1 h6 (27... Rxc1 28. Rxc1 Qxb4 29.
Nd2 Nb6 30. Rb1 $18) 28. Rxc3 Bxc3 29. g4 Re8 (29... Bxb4 30. Bxd6 Nxd6 31.
Qxb5 Nxb5 32. Rxb4 $18) 30. Rb3 Bg7 31. Bh4 Qxd5 32. exd5 Rxe2 33. b5 $18 g5 (
33... Nb6 34. Bd8 Nxd5 35. b6) 34. Bg3 Rb2 35. Rxb2 Bxb2 36. Kf1 (36. Kf1 Ba3
37. Ke2 Bc5 38. Kd3 Na3 39. b6 Bxb6 40. Bxd6 $18) 1-0

[Event "Gothenburg Manhem"]
[Site "Gothenburg"]
[Date "2012.08.16"]
[Round "8"]
[White "Berg, Emanuel"]
[Black "Nithander, Victor"]
[Result "1-0"]
[WhiteElo "2576"]
[BlackElo "2438"]
[Annotator "Berg,E"]
[PlyCount "103"]
[EventDate "2012.08.11"]
[EventType "tourn"]
[EventRounds "9"]
[EventCountry "SWE"]
[EventCategory "9"]
[SourceTitle "CBM 149 Extra"]
[Source "ChessBase"]
[SourceDate "2012.08.24"]
[SourceVersion "1"]
[SourceVersionDate "2012.08.24"]
[SourceQuality "1"]

1. e4 g6 2. d4 Bg7 3. Nc3 d6 4. Be3 Nf6 {This position was rather expected for
me as Nithander had already played it in an earlier game in the same
tournament. However here I decided to differ with...} 5. f3 {...to avoid the
possible line} (5. Qd2 Ng4 6. Bg5 h6 7. Bh4 g5 8. Bg3 e5 {as in 0-1 (44) Welin,
M (2270)-Rozentalis,E (2585) Gothenburg 2012 which was being played
simultanously to my game on another board. However there is nothing wrong with
this and White actually recieived some advantage in the game mentioned above.})
5... c6 6. Qd2 Qa5 ({Here} 6... O-O {would transpose back to the game 0-1 (31)
Welin,M (2270)-Nithander,V (2438) Gothenburg 2012. Although Nithander won the
game rather convincingly he didn't want to repeat the same line. To me it
looks quite risky for Black to commit to short castling at this early stage.
Now instead of the fully playable move 7.Bh6, played by Mats Welin I would
give preference to} 7. h4 {to force either an opening of the h-file or the
weakening move ...h5 from Black.}) 7. O-O-O {If White wants to castle long
it's better to do it directly in order to reach b1 with the king in time.} b5
8. Kb1 {Now White does not only protect the a2-pawn, but also starts to create
threats like Nd5 that can soon become real.} b4 9. Nce2 Na6 {A strange-looking
developing move from Black. However it is almost necessary in order to keep
the b4-pawn protected against moves like a3. Black now plans to continue ...
Rb8 and ...Nc7-b5.} 10. Nc1 {This knight setup is very well known to be a good
protection for the king. Since Black is ahead in his attack White needs to
play a bit slowly and rely on his central control. The central breaks e5 or d5
can be used later to create counterplay when necessary.} Rb8 11. h4 {White
starts some action on the kingside and also prepares the development of the
knight to h3.} h5 {Black plays rock solid, but on the other hand he gives
White more time as well and creates some new weaknesses on the dark squares.} (
11... Nc7 {was the alternative when I had the following line in mind} 12. Nb3 {
Once the c7-knight has blocked the way back for Black's queen Nb3 comes in
handy.} (12. g4 {is also possible, but the position after} h5 13. g5 Nd7 {
did not look very convincing to me.}) 12... Qb6 {Pretty forced since} (12...
Qa4 {just blocks the way for Black's a-pawn.}) 13. d5 c5 14. Bh6 {with an
initiative for White. Now after a possible exchange on h6 the b3-knight has a
natural route via d2 to c4.}) 12. Nh3 {Now White threatens to place this
knight on g5 which will be quite annoying for Black.} Bxh3 {A practical
decision although it leaves White with the advantage of the two bishops.} ({
The simple} 12... Nc7 {was perhaps objectively stronger.}) 13. Rxh3 Nc7 14. Nb3
Qb6 15. Bc4 {White develops his last piece and prepares to play d5 with full
power.} (15. d5 $5 {would force complications, which however are not
unfavourable for Black after} c5 16. e5 Nfxd5 17. exd6 Qxd6 $1 {With this move
involving a pawn sacrifice, Black has plenty of active play to compensate for
the material.} (17... exd6 18. Bc4 Nxe3 19. Qxe3+ Kf8 20. Qf4 d5 21. Bxd5 Nxd5
22. Rxd5 Re8 23. Rh1 $14 {gives White somewhat better chances.}) 18. Bxc5 Qc6
19. Bxa7 Ra8 20. Bd4 O-O 21. Bxg7 Kxg7 {when Black's active play on the
queenside compensates for the minus pawn.}) 15... d5 {A serious weakness for
Black, but} (15... a5 16. d5 (16. e5 Nfd5) 16... c5 17. e5 Nd7 18. f4 $36 {
gives White the initiative and a strong centre.}) 16. Bd3 Nd7 17. c4 $1 {
This move forces an opening of the c-file giving White a stable plus thanks to
better pawn structure in addition to the pair of bishops.} (17. f4 $5 {as
suggested by Houdini is also interesting. A possible continuation would be} a5
18. f5 a4 19. Nc5 gxf5 (19... Nxc5 $4 20. dxc5 Qb7 21. fxg6 $18) 20. exf5 Nxc5
21. dxc5 Qa7 22. Bg5 $14 {White's pair of bishops is now very powerful in this
open position and with Black's loose king in the centre which cannot even
castle into safety...}) 17... bxc3 18. Qxc3 Nb5 19. Qb4 Nd6 20. Qa4 Nb5 21. Qb4
Nd6 22. Qxb6 Nxb6 (22... axb6 23. exd5 cxd5 24. Bf4 $14) 23. e5 ({Another
option was} 23. Bf4 $14 {as pointed out by Houdini. After} Nbc4 24. Bxc4 dxc4
25. Na5 Kd7 26. Be5 Rhg8 27. f4 $14 {White has a stable plus.}) 23... Ndc4 (
23... Nbc4 $1 {was stronger:} 24. Bc1 Nf5) 24. Bc1 e6 (24... Na4 25. f4 $14)
25. Nc5 Bf8 26. f4 $1 {Secures the e5-pawn and opens up the third rank for the
rook on h3.} Na5 27. Ba6 $1 {White prevents Black from playing the desired ...
Nb7 and also prepares Ra3. Black will soon have to give away the other bishop
as well to exchange off White's superior knight on c5.} Nd7 ({Perhaps} 27...
Nbc4 {was objectively stronger, but after} 28. Kc2 Rb6 29. Bxc4 Nxc4 30. b3 Na5
31. Rc3 $14 {White has a solid long term advantage thanks to the better pawn
structure and the control of the weak c5-square.}) 28. Ra3 Bxc5 29. dxc5 Nb7
30. Be3 $1 {This temporary sacrifice of the c5-pawn practically brings White
the full point. Black cannot stay passive since then his knights will just be
out of squares.} Nbxc5 31. Rc1 Nxa6 32. Rxa6 {White will very soon regain the
sacrificed pawn and most likely also another pawn. Black has practical chances,
but is most likely already lost.} O-O 33. Rcxc6 (33. Rxa7 Nb6 34. Rxc6 Nc4 35.
Bc1 $16) 33... Rb4 (33... d4 34. Bxd4 Rb4 35. Rd6 Nb6 36. a3 $18) 34. Rxa7 Re4
35. Rxd7 $2 {In time trouble I decided to simlify into a won rook endgame.
However the task would have been far much simpler after} (35. Bc1 $1 Nb8 36.
Rcc7 Re2 37. b3 $1 Rxg2 38. Ba3 Rg1+ 39. Kc2 Rg2+ 40. Kd3 $18 {etc and Black's
position will just collapse totally.}) 35... Rxe3 36. Rdc7 $1 {Forcing an
exchange of a pair of rooks makes the task much simpler for White even though
it loses some time. Now Rc8 is unavoidable for Black.} d4 $1 {The only real
chance for counterplay. Black must create threats before White start pushing
his a-pawn.} 37. Rc8 (37. a4 {is less clear.} d3 38. Kc1 Re1+ 39. Kd2 Re2+ 40.
Kxd3 Rxb2 41. Rc8 Ra2 42. Rxf8+ Kxf8 43. Rc4 Rxg2 44. Kc3 Ke7 45. Rc7+ Kf8 46.
a5 Ra2 47. Kb4 $16) 37... d3 38. Rc1 Rxc8 (38... Kg7 39. Rxf8 Kxf8 40. a4 Re4
41. b3 Rxf4 42. a5 Rd4 43. Kb2 Ke7 44. a6 Rd7 45. Ra1 Ra7 46. Kc3 Kd7 47. Kxd3
$18) 39. Rxc8+ Kg7 40. Rc1 Re2 $6 (40... Re4 $1 41. g3 f6 {would have given
better chances for Black. Now very accurate play is needed for White to cash
in the full point.} 42. Rd1 fxe5 43. fxe5 Re3 44. a4 Kf7 (44... Rxg3 45. a5 Rf3
46. a6 Rf8 47. Rxd3 g5 48. a7 gxh4 49. b4 Ra8 50. Rd7+ Kh6 51. b5 h3 52. b6 h2
53. Rd1 Rg8 54. Rc1 $1 h4 55. Kb2 Rg2+ 56. Ka3 Rg1 57. a8=Q Rxc1 58. Qh8+ Kg5
59. Qf6+ Kg4 60. Qg6+ Kf3 61. Qd3+ Kg4 62. Qe4+ Kg3 63. Qe3+ Kg2 64. Qd2+ $18)
45. a5 Rxe5 46. b4 Rb5 47. Ka2 Rxb4 48. Rxd3 Rb8 49. a6 Ra8 50. Ra3 Ke7 51. Kb3
$18) 41. Rd1 Rxg2 42. a4 $1 Rg4 (42... g5 43. a5 gxh4 44. a6 Kh6 45. Rxd3 Rg1+
46. Kc2 $18) 43. a5 Rxf4 (43... g5 44. a6 Rxf4 45. Rxd3 $18) 44. Rxd3 Rxh4 45.
a6 Rc4 46. a7 Rc8 47. b4 Ra8 48. Ra3 h4 49. b5 h3 50. b6 Rh8 51. Ra2 $1 Rd8 52.
Rh2 $1 {Black's tricks are over, so he resigned.} (52. b7 $4 {would spoil
everything after} Rd1+ 53. Kc2 h2 54. b8=Q h1=Q 55. a8=Q Rc1+ 56. Kb2 Rb1+ 57.
Ka3 Qh3+ 58. Ka4 Qh4+ $8 59. Ka5 Qe1+ 60. Ka6 Qf1+ 61. Ka7 Qg1+ $11 {and the
draw is unavoidable.}) 1-0

[Event "Moscow Aeroflot op-A 15th"]
[Site "Moscow"]
[Date "2016.03.07"]
[Round "7"]
[White "Bu, Xiangzhi"]
[Black "Lu, Shanglei"]
[Result "1-0"]
[WhiteElo "2724"]
[BlackElo "2620"]
[Annotator "Besenthal,K"]
[PlyCount "59"]
[EventDate "2016.03.01"]
[EventType "swiss"]
[EventRounds "9"]
[EventCountry "RUS"]
[SourceTitle "CBM 171"]
[Source "ChessBase"]
[SourceDate "2016.03.14"]
[SourceVersion "2"]
[SourceVersionDate "2016.03.14"]
[SourceQuality "1"]

1. Nf3 g6 2. e4 d6 3. c4 Bg4 4. d4 Bxf3 5. gxf3 e5 {Diagramm [#] Nach nur
fünf Zügen ist eine Stellung entstanden, die es in der Datenbank nicht mehr
gibt.} 6. Nc3 (6. dxe5 dxe5 7. Qxd8+ {war ein einfacher Weg zu einem kleinen,
aber spürbaren Vorteil zu kommen.}) 6... Nc6 7. d5 Nd4 8. Nb5 c5 9. dxc6 Nxc6
{Diagramm [#] Die Struktur hat schließlich "Kalashnikov-Charakter" bekommen.}
10. Be3 a6 11. Nc3 Bg7 12. h4 Nge7 13. h5 Nd4 14. f4 Ne6 {Für diesen Rückzug
des Springers gab es keinen Grund.} (14... O-O $1) 15. fxe5 Bxe5 16. Qd2 Qa5
17. f4 Bf6 18. Rc1 (18. Nd5 $1) 18... g5 19. fxg5 Bxg5 20. Nd5 Qxd2+ 21. Kxd2
Nxd5 {Diagramm [#] Die damit einhergehende Änderung der Struktur erweist sich
als ungünstig. Weiß erhält die e-Linie für seine Türme.} 22. exd5 Nf4 23.
Bd3 Nxd3 24. Kxd3 Bxe3 25. Rce1 Rg8 26. Rxe3+ Kf8 27. Rf1 Rc8 (27... b5 $1 {
wäre die aktive Verteidigung gewesen.}) 28. Rf6 Rg2 29. b3 Rd8 $2 {Ein
schwerer Missgriff, nach dem sich der weiße Vorteil schlagartig vergrößert.}
30. Ree6 1-0